Circonscriptions législatives de la région Bourgogne-Franche-Comté sur une carte - Statistiques

Statistiques générales
  • Ce quiz a été pris 189 fois
  • Le résultat moyen est 23 sur 27
Réponses sur la Carte
Les réponses sont colorées sur une échelle allant du rouge au vert en fonction du pourcentage des utilisateurs qui les ont devinées à leur premier essai. Vous pouvez retrouver ces pourcentages ci-dessous.
 
Statistiques - réponses
Numéro Cantons inclus dans la circonscription % Correct
2 Auxonne, Dijon I, Dijon III, Dijon VIII, Fontaine-Française, Mirebeau-sur-Bèze, Pontailler-sur-Saône
100%
3 Chenôve, Dijon II, Dijon IV, Genlis
100%
1 Dijon V, Dijon VI, Dijon VII, Fontaine-lès-Dijon
100%
1 Beaucourt, Belfort Centre, Belfort Est, Danjoutin, Delle, Fontaine, Grandvillars
99%
2 Belfort Nord, Belfort Ouest, Belfort Sud, Châtenois-les-Forges, Giromagny, Offemont, Rougemont-le-Château, Valdoie
99%
1 Aillant-sur-Tholon, Auxerre Est, Auxerre Nord, Auxerre Nord-Ouest, Auxerre Sud, Auxerre Sud-Ouest, Bléneau, Charny, Coulanges-la-Vineuse, Courson-les-Carrières, Saint-Fargeau, Saint-Sauveur-en-Puisaye, Toucy, Andryes, Etais-la-Sauvin, Monéteau
96%
1 Audeux, Besançon Nord-Ouest, Besançon Ouest, Besançon-Planoise, Boussières, Quingey
96%
2 Besançon Est, Besançon Nord-Est, Besançon Sud, Marchaux, Ornans, Roulans
96%
1 La Charité-sur-Loire, Cosne-Cours-sur-Loire Nord, Cosne-Cours-sur-Loire Sud, Imphy, Nevers Centre, Nevers Est, Nevers Nord, Nevers Sud, Pouilly-sur-Loire, Pougues-les-Eaux, Saint-Benin-d'Azy
96%
1 Arinthod, Beaufort, Bletterans, Chaumergy, Conliège, Lons-le-Saunier Nord, Lons-le-Saunier Sud, Orgelet, Poligny, Saint-Amour, Saint-Julien, Sellières, Voiteur
91%
1 La Chapelle-de-Guinchay, Cluny, Lugny, Mâcon Centre, Mâcon Nord, Mâcon Sud, Matour, Saint-Gengoux-le-National, Tramayes
91%
3 Arbois, Chaussin, Chemin, Dampierre, Dole Nord-Est, Dole Sud-Ouest, Gendrey, Montbarrey, Montmirey-le-Château, Rochefort-sur-Nenon, Salins-les-Bains, Villers-Farlay
90%
5 Buxy, Chalon-sur-Saône Centre, Chalon-sur-Saône Ouest, Chalon-sur-Saône Sud, Montceau-les-Mines Nord, Montceau-les-Mines Sud, Montcenis, Montchanin
90%
1 Amance, Autrey-lès-Gray, Champlitte, Combeaufontaine, Dampierre-sur-Salon, Fresne-Saint-Marnès, Gray, Gy, Jussey, Marnay, Pesmes, Port-sur-Saône, Rioz, Scey-sur-Saône-et-Saint-Albin, Vesoul Est, Vesoul Ouest, Vitrey-sur-Mance
89%
4 Beaurepaire-en-Bresse, Chalon-sur-Saône Nord, Cuiseaux, Cuisery, Louhans, Montpont-en-Bresse, Montret, Pierre-de-Bresse, Saint-Germain-du-Bois, Saint-Germain-du-Plain, Saint-Martin-en-Bresse, Sennecey-le-Grand, Tournus
88%
5 Arnay-le-Duc, Beaune Nord, Beaune Sud, Bligny-sur-Ouche, Gevrey-Chambertin, Liernais, Nolay, Nuits-Saint-Georges, Pouilly-en-Auxois, Saint-Jean-de-Losne, Seurre.
84%
3 Cerisiers, Chéroy, Joigny, Pont-sur-Yonne, Saint-Julien-du-Sault, Sens Nord-Est, Sens Ouest, Sens Sud-Est, Sergines, Villeneuve-l'Archevêque, Villeneuve-sur-Yonne
84%
3 Baume-les-Dames, Clerval, L'Isle-sur-le-Doubs, Maîche, Montbéliard Est, Montbéliard Ouest, Rougemont, Saint-Hippolyte
83%
5 Amancey, Levier, Montbenoît, Morteau, Mouthe, Pierrefontaine-les-Varans, Pontarlier, Le Russey, Vercel-Villedieu-le-Camp
81%
3 Autun Nord, Autun Sud, Chagny, Couches, Le Creusot Est, Le Creusot Ouest, Epinac, Givry, Issy-l'Evêque, Lucenay-l'Evêque, Mesvres, Saint-Léger-sous-Beuvray, Verdun-sur-le-Doubs
74%
4 Aignay-le-Duc, Baigneux-les-Juifs, Châtillon-sur-Seine, Grancey-le-Château-Neuvelle, Is-sur-Tille, Laignes, Montbard, Montigny-sur-Aube, Précy-sous-Thil, Recey-sur-Ource, Saint-Seine-l'Abbaye, Saulieu, Selongey, Semur-en-Auxois, Sombernon, Venarey-les-Laumes, Vitteaux
70%
2 Ancy-le-Franc, Avallon, Brienon-sur-Armançon, Chablis, Coulanges-sur-Yonne, Cruzy-le-Châtel, Flogny-la-Chapelle, Guillon, L'Isle-sur-Serein, Ligny-le-Châtel, Migennes, Noyers, Quarré-les-Tombes, Saint-Florentin, Seignelay, Tonnerre, Vermenton, Vézelay
67%
2 Brinon-sur-Beuvron, Château-Chinon, Châtillon-en-Bazois, Clamecy, Corbigny, Decize, Donzy, Dornes, Fours, Guérigny, Lormes, Luzy, La Machine, Montsauche-les-Settons, Moulins-Engilbert, Prémery, Saint-Amand-en-Puisaye, Saint-Pierre-le-Moûtier, Saint-Saulge, Tannay, Varzy
67%
2 Les Bouchoux, Champagnole, Clairvaux-les-Lacs, Moirans-en-Montagne, Morez, Nozeroy, Les Planches-en-Montagne, Saint-Claude, Saint-Laurent-en-Grandvaux
66%
2 Bourbon-Lancy, Charolles, Chauffailles, La Clayette, Digoin, Gueugnon, La Guiche, Marcigny, Mont-Saint-Vincent, Palinges, Paray-le-Monial, Saint-Bonnet-de-Joux, Semur-en-Brionnais, Toulon-sur-Arroux
64%
2 Champagney, Faucogney-et-la-Mer, Héricourt Est, Héricourt Ouest, Lure Nord, Lure Sud, Luxeuil-les-Bains, Mélisey, Montbozon, Noroy-le-Bourg, Saint-Loup-sur-Semouse, Saint-Sauveur, Saulx, Vauvillers, Villersexel
64%
4 Audicourt, Etupes, Hérimoncourt, Pont-de-Roide, Sochaux-Grand-Charmont, Valentigney
50%
Aucun quiz correspondant
Distribution des résultats
% des personnes avec chaque résultat
Percentile par nombre de réponses
Votre historique - résultats
Vous n’avez pas pris ce quiz